Príprava nových koordinačných zlúčenín a ich megnetické vlastnosti

Na minha lista:
Detalhes bibliográficos
Autor principal: Augustín, Peter
Formato: Software Livro
Idioma:eslovaco
Publicado em: Bratislava STU FCHPT 2010
Acesso em linha:View in OPAC
Tags: Adicionar Tag
Sem tags, seja o primeiro a adicionar uma tag!

MARC

LEADER 00000nam a2200000 a 4500
005 20260127134010.0
007 co ugu
008 101020 2010 xo 000 0 slo d
035 |a vtls010180954 
039 9 |y 201010201018  |z mschk03 
040 |a STUSCHK1  |b slo  |c STUSCHK1  |e AACR2 
100 1 |a Augustín, Peter 
245 1 |a Príprava nových koordinačných zlúčenín a ich megnetické vlastnosti  |c Peter Augustín 
260 |a Bratislava  |b STU FCHPT  |c 2010 
300 |a 1 elektronický disk 
500 |a Obháj.: 12.7. 2010 
500 |a Študijný program: chémia a medicínska chémia 
500 |a Študijný odbor: 4.1.14 chémia 
500 |a Bakalárska práca na CD-ROMe 
500 |a FCHPT, Oddelenie anorganickej chémie 
500 |a Evidenčné číslo: 5427-50057 
910 |a SCHK95 
999 |c 1807  |d 1807